banner-ar

حوليات مصر السياسية / (Record no. 63844)

MARC details
000 -الفاتح
حقل البيانات ثابتة الطول 01216nam a22002897a 4500
005 - وقت وتاريخ اخر تعامل مع التسجيلة
رقم الضبط 20240530110701.0
008 - عناصر البيانات ثابتة الطول - معلومات عامة
حقل البيانات ثابتة الطول 171225s2015 ua a f b 000 0dara d
017 ## - رقم الايداع القانونى
رقم الايداع القانونى 2012/17477
المصدر ( الهيئة المختصة) مصر. دار الكتب
020 ## - الرقم الدولى المعيارى للكتب
الرقم الدولى المعيارى للكتاب 9789774480652
040 ## - مصدر الفهرسة
وكالة الفهرسة الأصلية EG-CaGPL
وكالة النسخ EG-CaGPL
082 04 - رقم تصنيف ديوى العشرى
رقم الطبعة 21
رقم التصنيف 962.052
رقم المادة ق/أ ح
100 0# - المدخل الرئيسى - إسم شخصى
الإسم الشخصى احمد شفيق باشا
245 10 - بيان العنوان
العنوان حوليات مصر السياسية /
بيان المسئوليه,etc تأليف احمد شفيق باشا ؛ تقديم ودراسة احمد زكريا الشلق
250 ## - بيان الطبعة
بيان الطبعة ط.2
260 ## - PUBLICATION, DISTRIBUTION, ETC. (IMPRINT)
تاريخ النشر أو التوزيع 2012 .
300 ## - الوصف المادى
التعداد 7جزء ؛
أبعاد الوعاء 24 سم.
490 0# - بيان السلسلة
عنوان السلسلة تراث النهضة
600 0# - المدخل الاضافى بالموضوع-اسم شخصى
الإسم الشخصى احمد شفيق باشا
650 07 - المدخل الاضافى بالموضوع-مصطلح موضوعى
مصدر الرأس أو المصطلح qrmak
مصطلح موضوعي مذبحة الاسكندرية
651 07 - المدخل الاضافى بالموضوع - اسم جغرافى
مصدر الرأس أو المصطلح qrmak
الاسم الجغرافي مصر
التقسيم الفرعي العام الاحوال السياسية
651 07 - المدخل الاضافى بالموضوع - اسم جغرافى
مصدر الرأس أو المصطلح qrmak
الاسم الجغرافي مصر
التقسيم الفرعي العام تاريخ
-- العصر الحديث
التقسيم الفرعي الزمني عباس حلمى الثانى
651 07 - المدخل الاضافى بالموضوع - اسم جغرافى
مصدر الرأس أو المصطلح qrmak
الاسم الجغرافي مصر
التقسيم الفرعي العام الاحزاب السياسية
651 07 - المدخل الاضافى بالموضوع - اسم جغرافى
مصدر الرأس أو المصطلح qrmak
الاسم الجغرافي مصر
التقسيم الفرعي العام حزب الوفد
700 0# - المدخل الاضافى - اسم شخصى
الإسم الشخصى احمد زكريا الشلق
الدور مقدم ودارس
942 ## - عناصر المدخل الإضافي( كوها)
مصدر التصنيف او مخطط الترفيف Dewey Decimal Classification
Koha [default] item type كتاب
260 ## - PUBLICATION, DISTRIBUTION, ETC. (IMPRINT)
-- القاهرة :
-- الهيئة المصرية العامة للكتاب ،
Holdings
حالة التراجع حالة الفقد حالة تلف ليس للاعارة المكان المؤقت الموقع الحالى موقع الترفيف تاريخ الاكتساب اجمالي اﻻعارات رقم الطلب الباركود تاريخ اخر مشاهدة تاريخ تفعيل السعر نوع وعاء كوها
        مكتبة القاهرة الكبرى مكتبة القاهرة الكبرى   01/10/2018   962.052 ق/أ ح 163957 01/10/2018 01/10/2018 كتاب
        مكتبة القاهرة الكبرى مكتبة القاهرة الكبرى   01/10/2018   962.052 ق/أ ح 163958 01/10/2018 01/10/2018 كتاب
        مكتبة القاهرة الكبرى مكتبة القاهرة الكبرى   01/10/2018   962.052 ق/أ ح 163959 01/10/2018 01/10/2018 كتاب
        مكتبة القاهرة الكبرى مكتبة القاهرة الكبرى   01/10/2018   962.052 ق/أ ح 163960 01/10/2018 01/10/2018 كتاب
        مكتبة القاهرة الكبرى مكتبة القاهرة الكبرى   01/10/2018   962.052 ق/أ ح 163961 01/10/2018 01/10/2018 كتاب
        مكتبة القاهرة الكبرى مكتبة القاهرة الكبرى   01/10/2018   962.052 ق/أ ح 163962 01/10/2018 01/10/2018 كتاب
        مكتبة القاهرة الكبرى مكتبة القاهرة الكبرى   01/10/2018   962.052 ق/أ ح 163963 01/10/2018 01/10/2018 كتاب

Powered By

EGPV